000 00606nam a2200229Ia 4500
003 OSt
005 20220918190921.0
006 a|||||r|||| 00| 0
007 ta
008 220917b |||||||| |||| 00| 0 eng d
024 _a60,403
037 _cTextual
040 _aARTS
_cARTS
_beng
041 _2eng
_aeng
082 _aQ4:67.245, M7
100 _aHanda O C
_974113
245 0 _aBuddhist monasteries in Himachal Pradesh
260 _aNew Delhi
_bIndus Pub Company
_c1987
650 _aRELIGION
942 _hQ4:67.245, M7
_cTEXL
_2CC
999 _c187348
_d187348